Score 0/20 Timer 04:00
7 Plays Today
Question Answer Wrong Answers
Friends Dr. Drake Ramoray
87.7%
Monica Geller
8.3%
Arthur Bionic Bunny
87.2%
Mr. Ratburn
9%
The Big Bang Theory Professor Proton
87%
Amy Farrah Fowler
9.2%
Entourage Tarvold
85.9%
Ari Gold
10%
The Simpsons Radioactive Man
85.7%
Kent Brockman
10.6%
Parks and Recreation Burt Macklin
84.5%
Ron Swanson
11.4%
The Mary Tyler Moore Show Chuckles the Clown
83.5%
Phyllis Lindstrom
12.5%
Recess Señor Fusion
82.4%
Mrs. Finster
13.6%
How I Met Your Mother Robin Sparkles (Space Teens)
82.2%
Ted Mosby
13.7%
Futurama Calculon (All My Circuits)
77.2%
Richard Nixon
18.9%
Arrested Development Mrs. Featherbottom
77.2%
George Michael
18.7%
LOST The Cobra (Exposé)
76.8%
Edward Mars
19.1%
Community Inspector Spacetime
76.7%
Magnitude
19.2%
Seinfeld George Costanza
71.5%
Soup Nazi
24.5%
Doug Quailman
70.4%
Roger Koltz
25.7%
King of the Hill Monsignor Martinez
67.3%
Reverend Stroup
28.7%
It's Always Sunny in Philadelphia Dayman
66.8%
Rickety Cricket
29.2%
Extras Ray Stokes (When the Whistle Blows)
65.6%
Darren Lamb
30%
The Office Goldenface
57.6%
Mose
38.7%
The Good Wife Det. Gifford (Darkness at Noon)
53.4%
Eli Gold
42.4%
Remove Ads.
Support Sporcle.
Get the best of Sporcle when you Go Orange. This ad-free experience offers more features, more stats, and more fun while also helping to support Sporcle. Thank you for becoming a member.

You're not logged in!

Compare scores with friends on all Sporcle quizzes.
OR
Log In

Show Comments

Extras

Top Quizzes Today


Score Distribution

Your Account Isn't Verified!

In order to create a playlist on Sporcle, you need to verify the email address you used during registration. Go to your Sporcle Settings to finish the process.

Report this User

Report this user for behavior that violates our Community Guidelines.

Details: